Avengers Team Members - Statistics

General Stats
  • This quiz has been taken 75 times
  • The average score is 13 of 17
Answer Stats
Answer % Correct
Black Widow
98%
Captain America
98%
Hawkeye
96%
Thor
96%
Hulk
94%
Iron Man
94%
Ant-Man
92%
Black Panther
82%
Wasp
82%
Scarlet Witch
80%
Vision
80%
Falcon
75%
Quicksilver
67%
Captain Marvel
65%
Power Man/Luke Cage
31%
Wonder Man
27%
Spider-Woman
22%
No matching quizzes found
Score Distribution
Percent of People with Each Score
Percentile by Number Answered
Your Score History
You have not taken this quiz